000 00946nas a2200253 454500
001 43781
005 20260407193511.0
008 260407s1992####ag###########|||spa#d
003 AR-UNSa-BCEJYS
040 _aAR-UNSa-BCEJYS
_bspa
_cAR-UNSa-BCEJYS
080 _a636
_x Explotación y cría de animales en general. Cría de ganado. Cría de animales domésticos
245 1 0 _aSituación del mercado de carnes
264 1 _aBuenos Aires :
_bSAGyP
_c1992
310 _aFrecuencia: Irregular
041 _aspa
942 _cSER
590 _aniveau_biblio:s niveau_hierar:1
100 1 _aArgentina. Ministerio de Economía y Obras y Servicios Públicos. Secretaría de Agricultura Ganadería y Pesca (SAGyP)
650 _aProducción agrícola
650 _aProducto de origen animal
650 _aCarne
650 _aComercio internacional
856 4 1 _uhttps://biblioeco.unsa.edu.ar/pmb/images/revistas/R21383.jpg
_yImagen de portada
_qimage/jpeg
999 _c8915
_d8915